000
00311nam a2200133Ia 4500
008
190216s9999||||xx |||||||||||||| ||und||
100
_a
Rajaraman.V
245
0
_a
Computer Programming In Pascal
250
_a
1st Ed.
260
_b
Prentice Hall India
_c
1993
300
_a
219
650
_a
Computer
942
_c
BK
999
_c
8441
_d
8441